|
|
|
|
| LEADER |
00000nam0a2200000 4500 |
| 001 |
106163 |
| 005 |
20231031114806.0 |
| 010 |
|
|
|a 5940100481
|
| 035 |
|
|
|a (RuTPU)RU\TPU\book\114562
|
| 090 |
|
|
|a 106163
|
| 100 |
|
|
|a 20061201d2004 m y0rusy50 ca
|
| 101 |
0 |
|
|a rus
|
| 102 |
|
|
|a RU
|
| 105 |
|
|
|a a j 001zy
|
| 200 |
1 |
|
|a Концепции современного естествознания
|e учебник
|f В. А. Канке
|
| 205 |
|
|
|a 2-е изд., испр.
|
| 210 |
|
|
|a Москва
|c Логос
|d 2004
|
| 215 |
|
|
|a 368 с.
|c ил.
|
| 225 |
1 |
|
|a Учебник XXI века
|
| 320 |
|
|
|a Библиогр.: с. 357-361.
|
| 320 |
|
|
|a Указ. концепций, имен: 362-367.
|
| 330 |
|
|
|a Рассматриваются актуальные проблемы и новейшие тенденции развития современного естествознания, включая физику, космологию, химию, геологию, биологию. Особое внимание уделяется взаимосвязи естественно-научной и гуманитарной культуры. Компактность изложения, его концептуальная и дидактическая ясность сочетаются с полнотой раскрытия тематики, предусмотренной государственным образовательным стандартом высшего профессионального образования второго поколения. Содержит обширный справочный и методический аппарат, включая программу курса, рекомендации для студентов и преподавателей, терминологический и именной указатели. Для студентов высших учебных заведений. Представляет интерес для философов, науковедов, ученых и специалистов, разрабатывающих междисциплинарные проблемы науки и техники, а также для широких кругов читателей.
|
| 451 |
|
1 |
|0 (RuTPU)RU\TPU\book\131431
|y 5-98704-071-X
|t Концепции современного естествознания
|o учебник
|f В. А. Канке
|e 2-е изд., испр.
|c М.
|n Логос
|d 2007
|p 368 с.
|a Канке, Виктор Андреевич
|
| 451 |
|
1 |
|0 (RuTPU)RU\TPU\book\50012
|y 5-94010-048-1
|t Концепции современного естествознания
|o учебник
|f В. А. Канке
|e 2-е изд., испр.
|c М.
|n Логос
|d 2002
|p 368 с.
|s Учебник XXI века
|a Канке, Виктор Андреевич
|
| 610 |
1 |
|
|a естествознание
|
| 610 |
1 |
|
|a математика
|
| 610 |
1 |
|
|a физика
|
| 610 |
1 |
|
|a космология
|
| 610 |
1 |
|
|a химия
|
| 610 |
1 |
|
|a концепции
|
| 610 |
1 |
|
|a Земля
|
| 610 |
1 |
|
|a строение
|
| 610 |
1 |
|
|a эволюция
|
| 610 |
1 |
|
|a история
|
| 610 |
1 |
|
|a биологические концепции
|
| 610 |
1 |
|
|a клеточные структуры
|
| 610 |
1 |
|
|a эволюционное учение
|
| 610 |
1 |
|
|a антропогенез
|
| 610 |
1 |
|
|a физиология
|
| 610 |
1 |
|
|a работоспособность
|
| 610 |
1 |
|
|a биосфера
|
| 610 |
1 |
|
|a космос
|
| 610 |
1 |
|
|a ноосфера
|
| 610 |
1 |
|
|a синергетика
|
| 610 |
1 |
|
|a энергия
|
| 610 |
1 |
|
|a энтропия
|
| 610 |
1 |
|
|a учебники
|
| 675 |
|
|
|a 50(075.8)
|v 3
|
| 700 |
|
1 |
|a Канке
|b В. А.
|g Виктор Андреевич
|
| 801 |
|
1 |
|a RU
|b 63413507
|c 20030226
|g PSBO
|
| 801 |
|
2 |
|a RU
|b 63413507
|c 20120227
|g PSBO
|
| 942 |
|
|
|c BK
|